| 000 | 00757nam a22002777a 4500 | ||
|---|---|---|---|
| 001 | BR2010004797 | ||
| 003 | BR-BrBNA | ||
| 005 | 20230928103356.0 | ||
| 007 | ta | ||
| 008 | 230509b bl.||||| |||| 00| 0 por d | ||
| 040 |
_aBR-BrBNA _bpor _cBiblioteca Nacional de Agricultura |
||
| 041 | _a(Por) | ||
| 072 | _aP31 | ||
| 090 | _ P31 BR2010004797 | ||
| 100 | 1 | _aLacerda, M.F. de | |
| 245 | 1 | _aLevantamento detalhado de solos e classes de terras para irrigação | |
| 260 | 3 |
_aPetrolina, PE (Brasil): _c2003. |
|
| 300 | _a43 p. | ||
| 650 | _aRECONHECIMENTO DO SOLO | ||
| 650 | _aANÁLISE DO SOLO | ||
| 650 | _aPERÍMETRO IRRIGADO | ||
| 650 | _aMAPA | ||
| 650 | _aCLASSIFICAÇÃO DO SOLO | ||
| 909 |
_a202309 _bLucia _c55 _dLucia Elande |
||
| 942 | _cBK | ||
| 999 |
_c74840 _d74840 |
||